| 000 | 00532cam a22001814a 4500 | ||
|---|---|---|---|
| 005 | 20250605164253.0 | ||
| 008 | 250528s ||||||||||||||||||||||||d | ||
| 035 | _a21826 | ||
| 040 |
_aGR-AtMCL _bgre _dGR-AtMCL _eAACR2 |
||
| 245 | 1 | _aΕΙΔΙΚΑ ΘΕΜΑΤΑ ΚΟΙΝΩΝΙΟΛΟΓΙΑΣ ΚΑΙ ΚΟΙΝΩΝΙΚΗΣ ΠΟΛΙΤΙΚΗΣ | |
| 250 | _a1 | ||
| 260 |
_bΑυτοεκδοση, _c2002 |
||
| 300 | _a351 | ||
| 700 | 1 |
_aΚονιαρης Θεοδωρος Β _97730 |
|
| 942 | _cBK | ||
| 999 |
_c6885 _d6885 |
||